La Messiade / (Record no. 156632)

MARC details
000 -LEADER
campo de control de longitud fija 00647nam a22001935i 4500
001 - NÚMERO DE CONTROL
campo de control 156632
003 - IDENTIFICADOR DE NÚMERO DE CONTROL
campo de control ES-MaACL
005 - FECHA Y HORA DE LA ÚLTIMA TRANSACCIÓN
campo de control 20260323173315.0
008 - DATOS DE LONGITUD FIJA--INFORMACIÓN GENERAL
campo de control de longitud fija 990426s1853 fr |||| | fre d
040 ## - FUENTE DE CATALOGACIÓN
Centro catalogador/agencia de origen CCPB | B
Lengua de catalogación spa
Centro/agencia transcriptor CCPB | B
100 1# - ENTRADA PRINCIPAL--NOMBRE DE PERSONA
Nombre de persona Klopstock, Friedrich Gottlieb (
Fechas asociadas al nombre 1724-1803)
9 (RLIN) 128470
245 13 - MENCIÓN DEL TÍTULO
Título La Messiade /
Mención de responsabilidad, etc. par Klopstock ; traduite par Madame de Carlowitz.
260 ## - PUBLICACIÓN, DISTRIBUCIÓN, ETC.
Lugar de publicación, distribución, etc. Paris :
Nombre del editor, distribuidor, etc. Charpentier,
Fecha de publicación, distribución, etc. 1853 (
Fabricante Typ. et stér. de Crété)
300 ## - DESCRIPCIÓN FÍSICA
Extensión 488 p. ;
Dimensiones 18 cm.
700 1# - ENTRADA AGREGADA--NOMBRE PERSONAL
Nombre de persona Carlowitz, Aloyse Christine,
Títulos y otros términos asociados al nombre baronne de
9 (RLIN) 126341
852 ## - LOCALIZACIÓN
Ubicación ES-MaACL
Número de control de estantería D-2395
Nota libre -- Enc. hol.
Holdings
Estatus retirado Estado de pérdida Estado de daño No para préstamo Colección Biblioteca de origen Biblioteca actual Ubicación en estantería Fecha de adquisición Fuente de adquisición Total de préstamos Signatura topográfica completa Código de barras Visto por última vez Precio de reemplazo Tipo de ítem Koha
        Libros del s. XIX Biblioteca del Ateneo de Madrid Biblioteca del Ateneo de Madrid Sala Valle Inclán 17/01/2008     D-2395 901163875 23/02/2023 23/02/2023 Libro impreso antiguo